000 00540nam a22001697a 4500
999 _c331425
_d331425
003 NUST
005 20170928114954.0
008 170928b xxu||||| |||| 00| 0 eng d
040 _c0
082 _a628 EPA
245 _aProcess Design Manual for Land Treatment of Municipal Wastewater:
_bSupplement on Rapid Infiltration and Overland Flow
260 _aUSA
_bEPA
_c1984
300 _a121p.
500 _aP.B
942 _2ddc
_cBK
_kIESE